Ecosystems & Water Resource Management (Record no. 756811)

MARC details
000 -LEADER
fixed length control field 00333 a2200133 4500
020 ## - INTERNATIONAL STANDARD BOOK NUMBER
ISBN 9789384568061
084 ## - OTHER CLASSIFICATION NUMBER
Source of Number CC
Classification number G:555:524
100 ## - MAIN ENTRY--AUTHOR NAME
Personal name SAHAY, R N
245 ## - TITLE STATEMENT
Title Ecosystems & Water Resource Management
260 ## - PUBLICATION, DISTRIBUTION, ETC. (IMPRINT)
Name of publisher Agrotech press,
Year of publication 2025,
Place of publication Jaipur
300 ## - PHYSICAL DESCRIPTION
Number of Pages 256p.
942 ## - ADDED ENTRY ELEMENTS (KOHA)
Koha item type Book
Source of classification or shelving scheme Colon Classification
Holdings
Withdrawn status Lost status Source of classification or shelving scheme Damaged status Not for loan Home Library Current Location Shelving location Date acquired Source of acquisition Cost, normal purchase price Full call number Accession Number Cost, replacement price Price effective from Koha item type
    Colon Classification     Kerala University Library Kerala University Library General Stacks 02/03/2026 60 1421.25 G:555:524 R5 326560 1895.00 02/03/2026 General